PowerPoint 2003 Jak ovládame PowerPoint, jak připravujeme prezentace, jak pracujeme se snímky, jak upravujeme objekty, jak si poradíme s textem, jak předvádíme prezentaci

Salvato in:
Dettagli Bibliografici
Autore principale: Hradský, Josef
Natura: Libro
Lingua:ceco
Pubblicazione: Praha Grada 2005
Edizione:1. dotisk
Serie:Snadno a rychle
Soggetti:
Accesso online:Visualizza in OPAC
Tags: Aggiungi Tag
Nessun Tag, puoi essere il primo ad aggiungerne!!

MARC

LEADER 00000nam a2200000 a 4500
005 20260127134348.0
008 051209 2005 xr 000 0 cze d
020 |a 8024709031 
035 |a vtls008417343 
039 9 |a 201011241542  |b cagk02  |y 200512091015  |z mschk03 
040 |a STUSCHK1  |b slo  |c STUSCHK1  |e AACR2 
080 |a 681.3.066(035) 
080 |a 004.4 
100 1 |a Hradský, Josef 
245 1 |a PowerPoint 2003  |b Jak ovládame PowerPoint, jak připravujeme prezentace, jak pracujeme se snímky, jak upravujeme objekty, jak si poradíme s textem, jak předvádíme prezentaci 
250 |a 1. dotisk 
260 |a Praha  |b Grada  |c 2005 
300 |a 112 s. 
490 0 |a Snadno a rychle 
650 0 7 |a PowerPoint 2003 
650 0 7 |a počítačové programy 
655 7 |a príručky 
910 |a SCHK95 
919 |a 80-247-0903-1 
999 |c 10847  |d 10847